[Event "Caracas Hybrid Rapid op"]
[Site "Caracas"]
[Date "2022.09.17"]
[Round "10"]
[White "Anton Calderon, Carlos"]
[Black "Cabeza Marquez, Josue Alejandro"]
[Result "0-1"]
[WhiteElo "1261"]
[BlackElo "1572"]
[PlyCount "38"]
[EventDate "2022.09.17"]
[EventType "swiss"]
[EventRounds "11"]
[EventCountry "VEN"]
[SourceTitle "EXT 2023"]
[Source "ChessBase"]
[SourceDate "2022.10.05"]
[SourceVersion "1"]
[SourceVersionDate "2022.10.05"]
[SourceQuality "1"]

1. e4 c5 2. Nf3 Nc6 3. d4 cxd4 4. Nxd4 e5 5. Nxc6 bxc6 6. Bd3 Bc5 7. 0-0 Nf6 8. Kh1 0-0 9. f4 d5 10. fxe5 Ng4 11. Qe1 Qb6 12. g3 Nf2+ 13. Kg2 Bh3+ 14. Kf3 f5 15. exd5 Ne4 16. Nd2 Ng5+ 17. Ke2 Bg4+ 18. Nf3 Nxf3 19. Rg1 Nxg1+ 0-1

[Event "Caracas Hybrid Rapid op"]
[Site "Caracas"]
[Date "2022.09.17"]
[Round "8"]
[White "Cabeza Marquez, Josue Alejandro"]
[Black "Condori Corimayhua, Daniel Arturo"]
[Result "1-0"]
[WhiteElo "1572"]
[BlackElo "1804"]
[PlyCount "101"]
[EventDate "2022.09.17"]
[EventType "swiss"]
[EventRounds "11"]
[EventCountry "VEN"]
[SourceTitle "EXT 2023"]
[Source "ChessBase"]
[SourceDate "2022.10.05"]
[SourceVersion "1"]
[SourceVersionDate "2022.10.05"]
[SourceQuality "1"]

1. e4 e6 2. d3 g6 3. Nd2 Bg7 4. Ngf3 Nf6 5. g3 d5 6. Bg2 0-0 7. 0-0 c5 8. Re1 Nc6 9. c3 b5 10. e5 Nd7 11. d4 a5 12. Nf1 Qb6 13. h4 f6 14. exf6 Nxf6 15. Bf4 cxd4 16. cxd4 Ne4 17. Be3 a4 18. Rc1 Bd7 19. N1d2 Nd6 20. Ne5 Ra7 21. Qg4 Nf5 22. Ndf3 Na5 23. Bg5 Nc4 24. b3 axb3 25. axb3 Ncd6 26. h5 h6 27. Bf4 g5 28. Nxd7 Rxd7 29. Rxe6 gxf4 30. Ne5 Re7 31. Rxe7 Nxe7 32. Nd7 Qxd4 33. Nxf8 Kxf8 34. Rd1 Qb4 35. gxf4 Qxb3 36. Re1 Ndf5 37. Qe2 Qc4 38. Qe6 Qxf4 39. Bxd5 Qg4+ 40. Bg2 Qxh5 41. Rc1 Qf7 42. Qb6 Qe8 43. Rd1 Kf7 44. Rd8 Nc8 45. Qb7+ Qe7 46. Rd7 Ncd6 47. Rxe7+ Nxe7 48. Qf3+ Bf6 49. Bh3 Ng6 50. Qd5+ Ke7 51. Qe6+ 1-0